[Event "Anderssen Festival 2019"]
[Site "Wroclaw"]
[Date "2019.08.09"]
[Round "7.14"]
[White "Willnecker, Olaf"]
[Black "Lugovskoy, Maxim"]
[Result "0-1"]
[WhiteElo "1884"]
[BlackElo "2425"]
[Annotator "NA"]
[PlyCount "66"]
[EventDate "2019.08.05"]
[EventType "swiss"]
[EventCountry "POL"]
[SourceTitle "playchess.com"]
[Source "ChessBase"]
[SourceQuality "1"]
[TimeControl "40/5400+30:900+30"]

1. d4 e6 2. Nf3 Nf6 3. c4 c5 4. d5 d6 5. Nc3 e5 6. e4 Be7 7. Be2 O-O 8. O-O Ne8 9. Ne1 f5 10. exf5 Bxf5 11. Bg4 g6 12. Nc2 Bg5 13. Bxf5 Rxf5 14. Ne4 Bxc1 15. Rxc1 Nd7 16. Qd3 Qe7 17. Ne3 Rf8 18. Nd1 Ng7 19. Ndc3 a6 20. a4 Nf5 21. Nd2 Rf7 22. Nce4 Raf8 23. a5 Nd4 24. Ra1 Rf4 25. Rab1 Nf6 26. b4 Nxe4 27. Nxe4 Qh4 28. f3 Qh6 29. bxc5 dxc5 30. Rxb7 Qh5 31. Nxc5 Rh4 32. Ne6 Rxh2 33. Nxd4 Qh4 0-1

[Event "Anderssen Festival 2019"]
[Site "Wroclaw"]
[Date "2019.08.09"]
[Round "7.15"]
[White "Wieczorek, Zbigniew"]
[Black "Auwens, Michel"]
[Result "1/2-1/2"]
[WhiteElo "2235"]
[BlackElo "1879"]
[Annotator "NA"]
[PlyCount "35"]
[EventDate "2019.08.05"]
[EventType "swiss"]
[EventCountry "POL"]
[SourceTitle "playchess.com"]
[Source "ChessBase"]
[SourceQuality "1"]
[TimeControl "40/5400+30:900+30"]

1. c4 {[%emt 0:00:30]} d6 {[%emt 0:00:00]} 2. Nc3 {[%emt 0:00:08]} Nd7 {[%emt 0:00:00]} 3. g3 {[%emt 0:00:23]} e5 {[%emt 0:00:09]} 4. Bg2 {[%emt 0:00:07]} Ngf6 {[%emt 0:00:27]} 5. Nf3 {[%emt 0:00:50]} Be7 {[%emt 0:01:10]} 6. O-O {[%emt 0:00:33]} c6 {[%emt 0:00:48]} 7. d3 {[%emt 0:02:34]} O-O {[%emt 0:01:38]} 8. Rb1 {[%emt 0:00:41]} a5 {[%emt 0:04:48]} 9. b3 {[%emt 0:03:00]} Nc5 {[%emt 0:04:33]} 10. d4 {[%emt 0:02:40]} exd4 {[%emt 0:06:23]} 11. Nxd4 {[%emt 0:00:05]} Re8 {[%emt 0:02:14]} 12. e4 {[%emt 0:06:28]} Bf8 {[%emt 0:10:13]} 13. Qc2 {[%emt 0:00:36]} Bg4 {[%emt 0:06:43]} 14. Be3 {[%emt 0:05:13]} Qc7 {[%emt 0:07:35]} 15. Rfe1 {[%emt 0:01:52]} Bh5 {[%emt 0:05:46]} 16. f3 {[%emt 0:01:05]} Bg6 {[%emt 0:00:30]} 17. Qd2 {[%emt 0:03:08]} d5 {[%emt 0:10:25]} 18. cxd5 {[%emt 0:00:25]} 1/2-1/2

[Event "Anderssen Festival 2019"]
[Site "Wroclaw"]
[Date "2019.08.09"]
[Round "7.16"]
[White "Gorny, Michael"]
[Black "Ochman, Sebastian"]
[Result "0-1"]
[WhiteElo "2067"]
[BlackElo "1789"]
[Annotator "NA"]
[PlyCount "96"]
[EventDate "2019.08.05"]
[EventType "swiss"]
[EventCountry "POL"]
[SourceTitle "playchess.com"]
[Source "ChessBase"]
[SourceQuality "1"]
[TimeControl "40/5400+30:900+30"]

1. d4 {[%emt 0:00:00]} d5 {[%emt 0:00:00]} 2. Nf3 {[%emt 0:00:00]} c6 {[%emt 0:00:20]} 3. g3 {[%emt 0:00:18]} g6 {[%emt 0:03:46]} 4. Bg2 {[%emt 0:00:51]} Bg7 {[%emt 0:01:06]} 5. b3 {[%emt 0:01:54]} Nh6 {[%emt 0:07:23]} 6. Bb2 {[%emt 0:01:21]} Nf5 {[%emt 0:00:50]} 7. O-O {[%emt 0:01:33]} h5 {[%emt 0:01:09]} 8. h4 {[%emt 0:01:26]} O-O {[%emt 0:01:00]} 9. Qd2 {[%emt 0:10:21]} Nd7 {[%emt 0:07:39]} 10. c4 {[%emt 0:04:06]} Nf6 {[%emt 0:01:49]} 11. Ng5 {[%emt 0:06:34]} Ng4 {[%emt 0:06:52]} 12. cxd5 {[%emt 0:03:07]} cxd5 {[%emt 0:00:13]} 13. Nf3 {[%emt 0:10:53]} Bh6 {[%emt 0:03:24]} 14. Qd3 {[%emt 0:04:41]} Nd6 {[%emt 0:07:16]} 15. Nc3 {[%emt 0:01:45]} Bf5 {[%emt 0:00:35]} 16. Qd1 {[%emt 0:00:56]} Ne4 {[%emt 0:10:13]} 17. Nxe4 {[%emt 0:01:46]} dxe4 {[%emt 0:01:26]} 18. Ne5 {[%emt 0:03:29]} Nxe5 {[%emt 0:06:08]} 19. dxe5 {[%emt 0:00:09]} Bd2 {[%emt 0:01:43]} 20. e6 {[%emt 0:06:43]} fxe6 {[%emt 0:01:52]} 21. b4 {[%emt 0:02:53]} Bxb4 {[%emt 0:06:29]} 22. Qb3 {[%emt 0:01:58]} Qb6 {[%emt 0:00:20]} 23. e3 {[%emt 0:01:24]} Bd6 {[%emt 0:07:14]} 24. Qc3 {[%emt 0:11:21]} e5 {[%emt 0:00:16]} 25. Rfc1 {[%emt 0:01:43]} Rfd8 {[%emt 0:01:24]} 26. Qc4+ {[%emt 0:03:20]} Kf8 {[%emt 0:01:22]} 27. Bc3 {[%emt 0:02:11]} Rdc8 {[%emt 0:03:11]} 28. Qa4 {[%emt 0:01:27]} Qc6 {[%emt 0:00:03]} 29. Qb3 {[%emt 0:00:18]} b5 {[%emt 0:00:55]} 30. Qb2 {[%emt 0:03:16]} Qd5 {[%emt 0:03:10]} 31. Rd1 {[%emt 0:00:51]} Qe6 {[%emt 0:00:46]} 32. Qd2 {[%emt 0:02:14]} Rab8 {[%emt 0:04:34]} 33. Rdb1 {[%emt 0:00:50]} Qc4 {[%emt 0:01:41]} 34. Rb3 {[%emt 0:01:27]} b4 {[%emt 0:00:30]} 35. Bb2 {[%emt 0:01:27]} a5 {[%emt 0:00:34]} 36. Rc1 {[%emt 0:00:42]} Qe6 {[%emt 0:01:38]} 37. Ba1 {[%emt 0:00:24]} Rxc1+ {[%emt 0:00:48]} 38. Qxc1 {[%emt 0:00:05]} Rc8 {[%emt 0:00:48]} 39. Qd2 {[%emt 0:06:05]} Qc4 {[%emt 0:02:11]} 40. Rb1 {[%emt 0:00:00]} Qc2 {[%emt 0:00:00]} 41. Qxc2 {[%emt 0:09:20]} Rxc2 {[%emt 0:01:14]} 42. Bb2 {[%emt 0:02:28]} a4 {[%emt 0:07:29]} 43. a3 {[%emt 0:00:55]} bxa3 {[%emt 0:01:18]} 44. Ba1 {[%emt 0:01:06]} a2 {[%emt 0:00:12]} 45. Re1 {[%emt 0:00:37]} Bb4 {[%emt 0:02:19]} 46. Rf1 {[%emt 0:00:12]} Bc3 {[%emt 0:00:27]} 47. Bxc3 {[%emt 0:00:42]} Rxc3 {[%emt 0:00:06]} 48. f3 {[%emt 0:00:07]} Rb3 {[%emt 0:00:53]} 0-1

[Event "Anderssen Festival 2019"]
[Site "Wroclaw"]
[Date "2019.08.09"]
[Round "7.17"]
[White "Pokusinski, Antoni"]
[Black "Smal, Tobiasz"]
[Result "0-1"]
[WhiteElo "1671"]
[BlackElo "2027"]
[Annotator "NA"]
[PlyCount "88"]
[EventDate "2019.08.05"]
[EventType "swiss"]
[EventCountry "POL"]
[SourceTitle "playchess.com"]
[Source "ChessBase"]
[SourceQuality "1"]
[TimeControl "40/5400+30:900+30"]

1. d4 Nf6 2. c4 g6 3. f3 Bg7 4. e4 d6 5. Nc3 O-O 6. Be3 Nc6 7. Nge2 a6 8. Qd2 Rb8 9. Nc1 e5 10. d5 Nd4 11. N1e2 Nxe2 12. Bxe2 Nh5 13. O-O f5 14. c5 f4 15. Bf2 g5 16. b4 Rf6 17. b5 Bf8 18. bxa6 bxa6 19. Rab1 Ra8 20. cxd6 Bxd6 21. Na4 Rg6 22. h3 Ng3 23. Rfc1 h5 24. Bxg3 fxg3 25. Qe3 Kh7 26. Rb3 g4 27. fxg4 hxg4 28. Bxg4 Bxg4 29. hxg4 Rxg4 30. Rcc3 Qh4 31. Qxg3 Rxg3 32. Rxg3 Qxe4 33. Rh3+ Kg6 34. Rhg3+ Kf5 35. Rbf3+ Qxf3 36. gxf3 Rb8 37. Nc3 Kf4 38. Ne4 Rb1+ 39. Kh2 Rd1 40. Nc3 Rd3 41. Rg4+ Ke3 42. Rc4 Kxf3 43. a4 e4+ 44. Kg1 e3 0-1

[Event "Anderssen Festival 2019"]
[Site "Wroclaw"]
[Date "2019.08.09"]
[Round "7.19"]
[White "Rog, Mateusz"]
[Black "Szajda, Marcin"]
[Result "1-0"]
[WhiteElo "1473"]
[BlackElo "1955"]
[Annotator "NA"]
[PlyCount "75"]
[EventDate "2019.08.05"]
[EventType "swiss"]
[EventCountry "POL"]
[SourceTitle "playchess.com"]
[Source "ChessBase"]
[SourceQuality "1"]
[TimeControl "40/5400+30:900+30"]

1. e4 e5 2. Nf3 Nc6 3. Bc4 Nf6 4. d3 Bc5 5. O-O O-O 6. Nbd2 d6 7. c3 a5 8. Bb3 Bg4 9. h3 Bh5 10. Re1 h6 11. Nf1 d5 12. exd5 Nxd5 13. g4 Bg6 14. Nxe5 Nxe5 15. Rxe5 Bxf2+ 16. Kxf2 Qf6+ 17. Rf5 Bxf5 18. gxf5 Ne7 19. Qf3 a4 20. Bc2 Nxf5 21. d4 Qh4+ 22. Kg2 Ne7 23. Bf4 c6 24. Bg3 Qg5 25. Re1 Ng6 26. Kh2 f5 27. Re2 Qf6 28. Rg2 Ra5 29. Qh5 b6 30. Bc7 Nh4 31. Be5 Rxe5 32. dxe5 Qxe5+ 33. Rg3 g5 34. Qxh6 Nf3+ 35. Kh1 Qe2 36. Qg6+ Kh8 37. Qh5+ Kg8 38. Qh6 1-0

[Event "Anderssen Festival 2019"]
[Site "Wroclaw"]
[Date "2019.08.09"]
[Round "7.20"]
[White "Dytman, Radoslaw"]
[Black "Kowalczuk, Mikolaj"]
[Result "0-1"]
[WhiteElo "1745"]
[BlackElo "1942"]
[Annotator "NA"]
[PlyCount "160"]
[EventDate "2019.08.05"]
[EventType "swiss"]
[EventCountry "POL"]
[SourceTitle "playchess.com"]
[Source "ChessBase"]
[SourceQuality "1"]
[TimeControl "40/5400+30:900+30"]

1. e4 c5 2. Nc3 g6 3. g3 Bg7 4. Bg2 Nc6 5. d3 Rb8 6. Be3 d6 7. Qd2 b5 8. Nge2 b4 9. Nd1 Qb6 10. O-O a5 11. f4 Nf6 12. h3 Ba6 13. g4 h5 14. g5 Nd7 15. f5 Nce5 16. Nf4 Bb7 17. fxg6 Nxg6 18. Qf2 Nde5 19. d4 cxd4 20. Bxd4 Qxd4 21. Qxd4 Nf3+ 22. Rxf3 Bxd4+ 23. Kh1 Bxe4 24. Nxg6 fxg6 25. Rf4 Bxg2+ 26. Kxg2 Be5 27. Re4 Rc8 28. Ne3 Bxb2 29. Re1 Be5 30. Nc4 Rc5 31. Nxe5 Rxc2+ 32. Kg1 dxe5 33. Rxe5 O-O 34. Rxe7 Rc5 35. h4 Rc4 36. Ra7 Rg4+ 37. Kh2 Rxh4+ 38. Kg3 Rg4+ 39. Kh3 Rf7 40. Re8+ Kg7 41. Rxa5 Rc7 42. Re6 Rd4 43. Re3 Rf4 44. Re2 Rfc4 45. Re6 Rd7 46. Re2 Rdc7 47. Re6 Rc3+ 48. Kg2 R3c5 49. Re7+ Kf8 50. Re5 Rxe5 51. Rxe5 Rc2+ 52. Kg3 Rxa2 53. Rb5 Rb2 54. Rb7 Rb1 55. Kf4 b3 56. Kf3 b2 57. Kg2 Ke8 58. Kh2 Kd8 59. Kg2 Kc8 60. Rb5 Kc7 61. Kh2 Kc6 62. Rb8 Kd5 63. Kg2 Ke4 64. Kh2 Kf4 65. Rb5 Kg4 66. Kg2 h4 67. Kh2 h3 68. Rb4+ Kxg5 69. Rb3 Kf4 70. Rb4+ Ke5 71. Rb5+ Kd4 72. Rb8 g5 73. Rd8+ Ke5 74. Re8+ Kd6 75. Rb8 g4 76. Rb3 g3+ 77. Rxg3 Rd1 78. Rb3 b1=Q 79. Rd3+ Kc5 80. Rc3+ Kb4 0-1

[Event "Anderssen Festival 2019"]
[Site "Wroclaw"]
[Date "2019.08.10"]
[Round "8.1"]
[White "Nowak, Mikolaj"]
[Black "Eggink, Ryszard"]
[Result "1/2-1/2"]
[WhiteElo "2230"]
[BlackElo "2377"]
[Annotator "NA"]
[PlyCount "66"]
[EventDate "2019.08.05"]
[EventType "swiss"]
[EventCountry "POL"]
[SourceTitle "playchess.com"]
[Source "ChessBase"]
[SourceQuality "1"]
[TimeControl "40/5400+30:900+30"]

1. d4 {[%emt 0:00:00]} Nf6 {[%emt 0:00:00]} 2. c4 {[%emt 0:00:00]} c5 {[%emt 0:00:00]} 3. Nf3 {[%emt 0:00:00]} e6 {[%emt 0:00:31]} 4. Nc3 {[%emt 0:00:09]} cxd4 {[%emt 0:12:25]} 5. Nxd4 {[%emt 0:00:09]} a6 {[%emt 0:01:17]} 6. g3 {[%emt 0:00:58]} Nc6 {[%emt 0:02:29]} 7. Bg2 {[%emt 0:00:27]} Qb6 {[%emt 0:06:14]} 8. Nc2 {[%emt 0:03:05]} Qc7 {[%emt 0:05:15]} 9. O-O {[%emt 0:04:36]} d6 {[%emt 0:01:21]} 10. e4 {[%emt 0:06:47]} Rb8 {[%emt 0:03:36]} 11. Qe2 {[%emt 0:04:34]} Be7 {[%emt 0:00:31]} 12. b3 {[%emt 0:02:48]} Bd7 {[%emt 0:06:23]} 13. Bb2 {[%emt 0:02:16]} O-O {[%emt 0:03:31]} 14. Kh1 {[%emt 0:07:52]} Rfc8 {[%emt 0:06:02]} 15. Ne3 {[%emt 0:05:43]} Qa5 {[%emt 0:04:48]} 16. f4 {[%emt 0:01:58]} b5 {[%emt 0:00:09]} 17. g4 {[%emt 0:04:15]} h6 {[%emt 0:02:26]} 18. h4 {[%emt 0:05:33]} b4 {[%emt 0:04:55]} 19. Ncd1 {[%emt 0:03:51]} g6 {[%emt 0:11:32]} 20. Bf3 {[%emt 0:05:59]} g5 {[%emt 0:01:18]} 21. Nd5 {[%emt 0:03:15]} Qd8 {[%emt 0:02:39]} 22. Nxe7+ {[%emt 0:02:49]} Qxe7 {[%emt 0:00:00]} 23. e5 {[%emt 0:01:36]} dxe5 {[%emt 0:01:33]} 24. fxe5 {[%emt 0:01:34]} Nh7 {[%emt 0:00:07]} 25. Nf2 {[%emt 0:05:35]} Nd8 {[%emt 0:05:55]} 26. Ne4 {[%emt 0:01:23]} Bc6 {[%emt 0:01:08]} 27. Qe3 {[%emt 0:05:00]} Kg7 {[%emt 0:03:26]} 28. Nf6 {[%emt 0:01:12]} gxh4 {[%emt 0:01:22]} 29. Nh5+ {[%emt 0:03:51]} Kh8 {[%emt 0:00:01]} 30. Bxc6 {[%emt 0:01:49]} Nxc6 {[%emt 0:01:41]} 31. Rf6 {[%emt 0:00:43]} Rg8 {[%emt 0:00:46]} 32. Qe4 {[%emt 0:01:47]} Qb7 {[%emt 0:02:45]} 33. Rxh6 {[%emt 0:02:04]} Rg6 {[%emt 0:00:18]} 1/2-1/2

[Event "Anderssen Festival 2019"]
[Site "Wroclaw"]
[Date "2019.08.10"]
[Round "8.2"]
[White "Gutenev, Alexander"]
[Black "Skliarov, Viktor"]
[Result "1/2-1/2"]
[WhiteElo "2470"]
[BlackElo "2360"]
[Annotator "ChessBase"]
[PlyCount "102"]
[EventDate "2019.08.05"]
[EventType "swiss"]
[EventCountry "POL"]
[SourceTitle "playchess.com"]
[Source "ChessBase"]
[SourceQuality "1"]
[TimeControl "40/5400+30:900+30"]

1. e4 {[%emt 0:06:53]} c5 {[%emt 0:00:00]} 2. Nc3 {[%emt 0:00:29]} Nc6 {[%emt 0:00:10]} 3. Bb5 {[%emt 0:00:32]} Nd4 {[%emt 0:00:39]} 4. Nf3 {[%emt 0:00:07]} e6 {[%emt 0:02:53]} 5. O-O {[%emt 0:00:18]} a6 {[%emt 0:00:56]} 6. Bd3 {[%emt 0:00:06]} Ne7 {[%emt 0:01:45]} 7. Nxd4 {[%emt 0:11:34]} cxd4 {[%emt 0:00:09]} 8. Ne2 {[%emt 0:00:20]} Nc6 {[%emt 0:00:57]} 9. c3 {[%emt 0:00:16]} Bc5 {[%emt 0:06:53]} 10. b4 {[%emt 0:00:50]} Bb6 {[%emt 0:02:47]} 11. Bb2 {[%emt 0:01:01]} O-O {[%emt 0:09:19]} 12. Qb3 {[%emt 0:05:19]} Ne5 {[%emt 0:24:27]} 13. cxd4 {[%emt 0:20:00]} Nxd3 {[%emt 0:00:08]} 14. Qxd3 {[%emt 0:00:03]} d5 {[%emt 0:00:06]} 15. Rfe1 {[%emt 0:04:45]} dxe4 {[%emt 0:17:00]} 16. Qxe4 {[%emt 0:00:21]} Qd6 {[%emt 0:00:07]} 17. Nf4 {[%emt 0:06:27]} Bc7 {[%emt 0:04:15]} 18. g3 {[%emt 0:05:20]} Qxb4 {[%emt 0:00:25]} 19. Bc3 {[%emt 0:01:00]} Qb5 {[%emt 0:04:13]} 20. d5 {[%emt 0:02:14]} Bxf4 {[%emt 0:02:47]} 21. Qxf4 {[%emt 0:00:04]} Qxd5 {[%emt 0:00:12]} 22. Re5 {[%emt 0:06:35]} Qd8 {[%emt 0:00:20]} 23. Rh5 {[%emt 0:02:14]} f6 {[%emt 0:03:01]} 24. Qe4 {[%emt 0:00:05]} g6 {[%emt 0:01:49]} 25. Rc5 {[%emt 0:00:50]} Rf7 {[%emt 0:03:45]} 26. Rc1 {[%emt 0:01:21]} e5 {[%emt 0:02:45]} 27. g4 {[%emt 0:06:37]} Bd7 {[%emt 0:02:10]} 28. Ba5 {[%emt 0:03:42]} Qe8 {[%emt 0:00:12]} 29. Qxb7 {[%emt 0:00:10]} Bxg4 {[%emt 0:00:50]} 30. Rc7 {[%emt 0:00:02]} Rb8 {[%emt 0:01:39]} 31. Rxf7 {[%emt 0:02:55]} Rxb7 {[%emt 0:00:05]} 32. Rxb7 {[%emt 0:00:02]} Bf3 {[%emt 0:01:28]} 33. Rb3 {[%emt 0:04:11]} Bd5 {[%emt 0:00:15]} 34. Rb6 {[%emt 0:02:31]} Kg7 {[%emt 0:00:30]} 35. Rc7+ {[%emt 0:01:05]} Kh6 {[%emt 0:00:09]} 36. d3 {[%emt 0:00:14]} Kg5 {[%emt 0:01:37]} 37. Bd2+ {[%emt 0:00:52]} Kf5 {[%emt 0:00:21]} 38. Rc5 {[%emt 0:01:44]} Qd8 {[%emt 0:05:00]} 39. Rb4 {[%emt 0:02:38]} a5 {[%emt 0:01:27]} 40. Rxa5 {[%emt 0:00:00]} Qxa5 {[%emt 0:00:00]} 41. Rf4+ {[%emt 0:01:01]} exf4 {[%emt 0:01:53]} 42. Bxa5 {[%emt 0:00:05]} Bxa2 {[%emt 0:00:05]} 43. Bd8 {[%emt 0:00:50]} g5 {[%emt 0:00:59]} 44. f3 {[%emt 0:03:19]} Bd5 {[%emt 0:00:10]} 45. Kf2 {[%emt 0:00:02]} h5 {[%emt 0:00:21]} 46. h3 {[%emt 0:00:04]} Kg6 {[%emt 0:00:28]} 47. d4 {[%emt 0:00:03]} h4 {[%emt 0:03:24]} 48. Bc7 {[%emt 0:00:50]} f5 {[%emt 0:01:27]} 49. Bd6 {[%emt 0:00:59]} g4 {[%emt 0:02:09]} 50. fxg4 {[%emt 0:00:08]} fxg4 {[%emt 0:00:03]} 51. Bxf4 {[%emt 0:00:10]} gxh3 {[%emt 0:00:04]} 1/2-1/2

[Event "Anderssen Festival 2019"]
[Site "Wroclaw"]
[Date "2019.08.10"]
[Round "8.3"]
[White "Butkiewicz, Lukasz"]
[Black "Lalic, Bogdan"]
[Result "1/2-1/2"]
[WhiteElo "2425"]
[BlackElo "2411"]
[Annotator "NA"]
[PlyCount "30"]
[EventDate "2019.08.05"]
[EventType "swiss"]
[EventCountry "POL"]
[SourceTitle "playchess.com"]
[Source "ChessBase"]
[SourceQuality "1"]
[TimeControl "40/5400+30:900+30"]

1. d4 {[%emt 0:00:00]} Nf6 {[%emt 0:04:37]} 2. Bg5 {[%emt 0:00:00]} Ne4 {[%emt 0:00:28]} 3. h4 {[%emt 0:00:38]} c5 {[%emt 0:01:13]} 4. d5 {[%emt 0:01:08]} Nxg5 {[%emt 0:00:55]} 5. hxg5 {[%emt 0:00:19]} g6 {[%emt 0:00:05]} 6. Nd2 {[%emt 0:14:33]} Bg7 {[%emt 0:00:23]} 7. c3 {[%emt 0:00:13]} d6 {[%emt 0:00:08]} 8. e4 {[%emt 0:01:21]} Nd7 {[%emt 0:00:51]} 9. Ngf3 {[%emt 0:01:22]} h6 {[%emt 0:01:58]} 10. Bd3 {[%emt 0:03:39]} Rb8 {[%emt 0:00:35]} 11. Qe2 {[%emt 0:01:25]} Kf8 {[%emt 0:00:30]} 12. a4 {[%emt 0:02:37]} a6 {[%emt 0:02:16]} 13. a5 {[%emt 0:01:42]} hxg5 {[%emt 0:00:07]} 14. Rxh8+ {[%emt 0:00:18]} Bxh8 {[%emt 0:00:08]} 15. Nxg5 {[%emt 0:01:40]} Ne5 {[%emt 0:00:06]} 1/2-1/2

[Event "Anderssen Festival 2019"]
[Site "Wroclaw"]
[Date "2019.08.10"]
[Round "8.4"]
[White "Naumkin, Igor"]
[Black "Piekielny, Pawel"]
[Result "1-0"]
[WhiteElo "2368"]
[BlackElo "1985"]
[Annotator "TA"]
[PlyCount "75"]
[EventDate "2019.08.05"]
[EventType "swiss"]
[EventCountry "POL"]
[SourceTitle "playchess.com"]
[Source "ChessBase"]
[SourceQuality "1"]

{[%evp 19,75,13,2,14,41,40,37,39,77,56,66,69,56,57,40,49,67,0,81,56,163,163,163,163,274,278,370,308,339,335,533,174,645,217,674,616,660,614,916,935,29990,29991,29991,816,792,795,639,554,29992,29993,29993,29994,29994,29995,29997,29998,29998,29999]} 1. d4 Nf6 2. c4 e6 3. Nf3 Bb4+ 4. Nbd2 O-O 5. a3 Be7 6. e3 b6 7. Bd3 Bb7 8. O-O d5 9. cxd5 exd5 10. b4 Nbd7 11. Bb2 {E14: Queen's Indian: Classical Variation (4 e3)} a5 (11... c5 12. dxc5 bxc5 13. bxc5 Nxc5 14. Nb3 Nxd3 15. Qxd3 Qb6 16. Rfb1 Ba6 17. Qd1 Bc4 18. Nbd4 g6 {½-½ (34) Alekseev,E (2640)-Rozum,I (2573) Skopje 2019}) 12. b5 Bd6 13. Ne5 {White is slightly better.} Re8 {[%cal Rd7e5]} 14. f4 Qe7 15. Qf3 $146 ({Predecessor:} 15. a4 g6 16. Rc1 Rac8 17. Qf3 Ba8 {1-0 (35) Kjolberg,L (2135)-Sollid,S (2019) Lillehammer 2013}) 15... Nf8 16. g4 N6d7 17. Rfe1 Rad8 18. Nf1 (18. Qg2 $14) 18... Nb8 (18... Bxe5 $11 19. fxe5 f6) 19. g5 Ng6 (19... Bxe5 $14 20. fxe5 (20. dxe5 Nbd7 $11) 20... Qxg5+ 21. Kh1 Ng6) 20. Ng3 $18 Bxe5 21. Nf5 ({Much weaker is} 21. fxe5 $6 Qxg5 22. Rac1 (22. Rf1 f6 $14) 22... c5 $11) 21... Qd7 (21... Qe6 {was necessary.}) 22. fxe5 Ne7 23. Rf1 {Nh6+! would kill now.} Nxf5 24. Bxf5 (24. Qxf5 Qxf5 25. Rxf5 (25. Bxf5 c6 $16) 25... c5 $16) 24... Qe7 {[#]} (24... Re6 {keeps fighting.} 25. Qh3 g6) 25. h4 $2 (25. Bxh7+ $1 {[%mdl 512]} Kxh7 26. Qh5+ Kg8 27. Rxf7 $3 {[%mdl 576] Remove Defender} Qxf7 28. g6 Qxg6+ 29. Qxg6) 25... c5 $2 (25... g6) 26. Rf2 $2 (26. Bxh7+ Kxh7 27. Qh5+ Kg8 28. Rxf7 $3 {[%mdl 576] Remove Defender} Qxf7 29. g6 Qxg6+ 30. Qxg6) 26... Qc7 $2 (26... Bc8 27. Bxc8 Rxc8) 27. Raf1 g6 28. Bg4 Re7 {[#]} 29. e6 $1 {[%cal Re6f7][%mdl 512]} fxe6 30. dxc5 d4 31. c6 (31. Bxe6+ $142 Rxe6 {[#]} 32. Qf8+ $3 {[%mdl 512]} Rxf8 33. Rxf8+ Kg7 34. Bxd4+ Rf6 35. R1xf6 (35. Bxf6+ Kxf8 36. Be5+ Qf7 $16) 35... Qg3+ 36. Kf1 Qh3+ 37. Ke2 $1 {[%mdl 512]} Qg4+ 38. Rf3+ Qxd4 39. R3f7#) 31... Nxc6 32. bxc6 Bxc6 33. Qh3 e5 34. Be6+ {White mates.} Kh8 35. Rf8+ Kg7 {[#]} 36. h5 $1 {[%mdl 512]} gxh5 {[#]} 37. Qxh5 $1 {[%csl Gg5][%cal Rh5h6][%mdl 512]} Rxf8 38. Qh6+ {Accuracy: White = 60%, Black = 28%.} 1-0

[Event "Anderssen Festival 2019"]
[Site "Wroclaw"]
[Date "2019.08.10"]
[Round "8.5"]
[White "Dubinski, Mateusz"]
[Black "Piotrowski, Przemyslaw"]
[Result "1-0"]
[WhiteElo "2306"]
[BlackElo "2273"]
[Annotator "NA"]
[PlyCount "91"]
[EventDate "2019.08.05"]
[EventType "swiss"]
[EventCountry "POL"]
[SourceTitle "playchess.com"]
[Source "ChessBase"]
[SourceQuality "1"]
[TimeControl "40/5400+30:900+30"]

1. d4 {[%emt 0:00:00]} d6 {[%emt 0:01:21]} 2. Nf3 {[%emt 0:01:19]} Nf6 {[%emt 0:00:37]} 3. g3 {[%emt 0:01:10]} Nbd7 {[%emt 0:00:41]} 4. Bg2 {[%emt 0:00:08]} e5 {[%emt 0:00:12]} 5. O-O {[%emt 0:00:50]} g6 {[%emt 0:00:04]} 6. c4 {[%emt 0:01:06]} Bg7 {[%emt 0:00:06]} 7. Nc3 {[%emt 0:00:08]} O-O {[%emt 0:00:30]} 8. h3 {[%emt 0:00:15]} c6 {[%emt 0:00:19]} 9. Be3 {[%emt 0:04:16]} Re8 {[%emt 0:01:47]} 10. dxe5 {[%emt 0:09:55]} Nxe5 {[%emt 0:06:05]} 11. Nxe5 {[%emt 0:04:16]} dxe5 {[%emt 0:00:05]} 12. Qxd8 {[%emt 0:05:30]} Rxd8 {[%emt 0:00:06]} 13. Rad1 {[%emt 0:00:23]} Rxd1 {[%emt 0:04:50]} 14. Rxd1 {[%emt 0:00:42]} Be6 {[%emt 0:00:08]} 15. b3 {[%emt 0:00:13]} h6 {[%emt 0:00:32]} 16. g4 {[%emt 0:00:49]} Bf8 {[%emt 0:06:34]} 17. c5 {[%emt 0:09:15]} Kg7 {[%emt 0:10:04]} 18. b4 {[%emt 0:08:52]} Nd7 {[%emt 0:08:49]} 19. Ne4 {[%emt 0:17:20]} a5 {[%emt 0:06:19]} 20. a3 {[%emt 0:06:31]} axb4 {[%emt 0:00:06]} 21. axb4 {[%emt 0:00:01]} Ra2 {[%emt 0:06:48]} 22. g5 {[%emt 0:04:54]} h5 {[%emt 0:02:09]} 23. Nd6 {[%emt 0:08:10]} Bxd6 {[%emt 0:01:14]} 24. Rxd6 {[%emt 0:00:06]} Rb2 {[%emt 0:04:16]} 25. Bd2 {[%emt 0:00:07]} Kf8 {[%emt 0:00:25]} 26. Bc3 {[%emt 0:04:09]} Rc2 {[%emt 0:05:16]} 27. Rd3 {[%emt 0:01:58]} Rxe2 {[%emt 0:01:20]} 28. b5 {[%emt 0:02:52]} Nxc5 {[%emt 0:02:50]} 29. Bb4 {[%emt 0:06:08]} Rc2 {[%emt 0:00:05]} 30. bxc6 {[%emt 0:00:49]} bxc6 {[%emt 0:00:01]} 31. Rd6 {[%emt 0:01:56]} Rc4 {[%emt 0:07:43]} 32. Ba3 {[%emt 0:00:09]} Kg7 {[%emt 0:02:02]} 33. Bb2 {[%emt 0:00:46]} f6 {[%emt 0:00:29]} 34. Rxc6 {[%emt 0:00:34]} fxg5 {[%emt 0:01:41]} 35. Ba3 {[%emt 0:00:37]} Bxh3 {[%emt 0:10:00]} 36. Bxh3 {[%emt 0:00:56]} Rc3 {[%emt 0:00:01]} 37. Bb2 {[%emt 0:00:45]} Rxh3 {[%emt 0:00:04]} 38. Bxe5+ {[%emt 0:00:03]} Kh6 {[%emt 0:00:06]} 39. Rxc5 {[%emt 0:00:44]} Rf3 {[%emt 0:00:01]} 40. Rc7 {[%emt 0:00:00]} g4 {[%emt 0:00:00]} 41. Bd4 {[%emt 0:04:04]} Kg5 {[%emt 0:02:21]} 42. Rc5+ {[%emt 0:03:00]} Rf5 {[%emt 0:01:09]} 43. Be3+ {[%emt 0:02:36]} Kh4 {[%emt 0:01:23]} 44. Rc6 {[%emt 0:05:19]} g3 {[%emt 0:01:16]} 45. Kg2 {[%emt 0:00:58]} Re5 {[%emt 0:02:50]} 46. Rc4+ {[%emt 0:00:15]} 1-0

[Event "Anderssen Festival 2019"]
[Site "Wroclaw"]
[Date "2019.08.10"]
[Round "8.6"]
[White "Nguyen, Alex Dac-Vuong"]
[Black "Krawiecki, Stanislaw"]
[Result "1-0"]
[WhiteElo "2267"]
[BlackElo "1923"]
[Annotator "NA"]
[PlyCount "143"]
[EventDate "2019.08.05"]
[EventType "swiss"]
[EventCountry "POL"]
[SourceTitle "playchess.com"]
[Source "ChessBase"]
[SourceQuality "1"]
[TimeControl "40/5400+30:900+30"]

1. e4 Nf6 2. e5 Nd5 3. d4 d6 4. c4 Nb6 5. exd6 cxd6 6. d5 N8d7 7. Nc3 g6 8. Be3 Bg7 9. Rc1 a5 10. Nf3 O-O 11. Be2 Nc5 12. b3 Bg4 13. O-O Nbd7 14. Nd4 Bxe2 15. Qxe2 f5 16. f3 Ne5 17. Rcd1 Qc8 18. Bf2 a4 19. f4 Ng4 20. b4 Nxf2 21. Rxf2 Nd7 22. Ncb5 Bxd4 23. Rxd4 Rf7 24. Rf3 Nf6 25. Nc3 Qd7 26. Re3 Rc8 27. a3 Kg7 28. Qd1 Ra8 29. Re6 Kg8 30. Qe2 Rc8 31. g3 Kg7 32. h3 h5 33. Kh2 Kg8 34. Re3 Kg7 35. Qd1 Ra8 36. Kg2 Kg8 37. Re6 Kg7 38. Re3 Kg8 39. Kh2 Kg7 40. c5 Rff8 41. Qe2 Rfe8 42. Qc4 Rec8 43. Rd2 dxc5 44. Rde2 Ng8 45. bxc5 Ra5 46. d6 exd6 47. Qd4+ Kf8 48. cxd6 Ra6 49. Re7 Nxe7 50. Qf6+ Kg8 51. Rxe7 Qxe7 52. Qxe7 Rxd6 53. Qxd6 Rxc3 54. Qe6+ Kh7 55. Qf7+ Kh6 56. Qg8 Rc2+ 57. Kg1 Rc7 58. Qf8+ Kh7 59. Qb4 Kg7 60. Qxa4 Rf7 61. Qd4+ Kh7 62. Qd6 Kg7 63. Kf2 Kh7 64. Kf3 Kg7 65. a4 Kh7 66. a5 Kg7 67. Ke3 Kh7 68. Kd4 Kg7 69. Kc5 Kh7 70. Kb6 Kg7 71. Qe6 Kg8 72. h4 1-0